Datum a čas kvízu

39.5 Celkem bodů Celkový počet nahraných bodů na tomto kvízu bez doplňovacích otázek.
2. Pořadí na kvízu Konečné umístění týmu na tomto kvízu.

Zaznamenané odpovědi

# Otázka Odpověď Body Výsledky
1. Od minulého čtvrtka až do 23.... Kosmova kronika 1
2. Který bývalý evropský preziden... Nicolas Sarkozy 1
3. Menší studio Voodoo Kollektiv... Jiří Kára 1
4. Na jedné technické univerzitě... Ostrava 0
5. Dvěma pilotům formule 1 se min... Carlos Sainz; Charles Leclerc 0.5
6. Gesto, které vidíme na obrázku... 1D 2B 3A 4C 1
7. Gesto na obrázku znamená v mno... o stoletou válku 0
8. Sheldon Cooper v Teorii velkéh... papír a tapír (ještěr) 0.5
9. Která dvě písmena české dvouru... B, N 1
10. Na výřezu z obrazu francouzské... paroháč (že je mu žena nevěrná) 0